[Event "PRO League Group Stage"]
[Site "chess.com INT"]
[Date "2019.01.17"]
[Round "2"]
[White "Maghsoodloo, Parham"]
[Black "Adhiban, Baskaran"]
[Result "1/2-1/2"]
[WhiteTitle "GM"]
[BlackTitle "GM"]
[WhiteElo "2679"]
[BlackElo "2689"]
[WhiteTeam "Armenia Eagles"]
[BlackTeam "Mumbai Movers"]
[WhiteFideId "12539929"]
[BlackFideId "5018471"]
[EventDate "2019.01.08"]

1. Nf3 d6 2. d4 Nf6 3. Nc3 Bf5 4. Nh4 Bd7 5. e4 e5 6. Nf3 exd4 7. Nxd4 g6 8. g3
Bg7 9. Bg2 O-O 10. O-O Nc6 11. Nde2 Re8 12. h3 b5 13. a3 a5 14. Bg5 Rb8 15. Nd5
h6 16. Bxf6 Bxf6 17. c3 Bg7 18. b4 a4 19. f4 Ne7 20. Ne3 f5 21. exf5 Nxf5 22.
Nxf5 Bxf5 23. Nd4 Bd7 24. Qd3 Qf6 25. g4 c5 26. Ne2 Be6 27. Qxd6 Bxg4 28. Qxf6
Bxf6 29. hxg4 Rxe2 30. bxc5 Bxc3 31. Rad1 b4 32. axb4 Bxb4 33. c6 Ba5 34. f5
Rbb2 35. Bd5+ Kg7 36. f6+ Kf8 37. Rf4 Bb6+ 38. Kf1 Rf2+ 39. Rxf2 Rxf2+ 40. Ke1
Rxf6 41. Rb1 Ba5+ 42. Ke2 Rd6 43. Be4 a3 44. Rb5 Bc7 45. Rb7 Re6 46. Kd3 Re7 47.
Bxg6 Be5 48. Rxe7 Kxe7 49. c7 Bxc7 50. Kc2 Kf6 51. Be8 Kg5 52. Bd7 Be5 53. Kb3
Bd6 54. Ka2 Kf4 55. Bc8 Ke3 56. Bd7 Kd4 57. Bc8 Ke3 58. Bd7 Be7 59. Bc8 Kf4 60.
Bd7 Kg5 61. Bc8 Kf4 62. Bd7 Ke3 63. Bc8 Kd4 64. Bd7 Ke5 65. Bc8 1/2-1/2

[Event "PRO League Group Stage"]
[Site "chess.com INT"]
[Date "2019.01.17"]
[Round "2"]
[White "Andriasian, Zaven"]
[Black "Ganguly, Surya Shekhar"]
[Result "1/2-1/2"]
[WhiteTitle "GM"]
[BlackTitle "GM"]
[WhiteElo "2604"]
[BlackElo "2638"]
[WhiteTeam "Armenia Eagles"]
[BlackTeam "Mumbai Movers"]
[WhiteFideId "13302000"]
[BlackFideId "5002150"]
[EventDate "2019.01.08"]

1. e4 c5 2. Nf3 e6 3. g3 Nc6 4. Bg2 Nf6 5. Qe2 e5 6. c3 Be7 7. d3 O-O 8. O-O h6
9. Na3 Re8 10. Nc4 Bf8 11. a4 d6 12. Bd2 Be6 13. Rfe1 Qc7 14. b4 cxb4 15. cxb4
d5 16. exd5 Bxd5 17. b5 Nb4 18. Rac1 Nxd3 19. Qxd3 e4 20. Qb3 exf3 21. Bxf3 Bxf3
22. Rxe8 Rxe8 23. Qxf3 Re4 24. Ne3 Qd6 25. Bc3 Rxa4 26. Qxb7 Ne4 27. Be1 Ng5 28.
h4 Ne6 29. Qc6 Qd8 30. Bc3 Nd4 31. Bxd4 Rxd4 32. Kg2 Rd6 33. Qb7 Rd7 34. Qc6 Rd6
35. Qb7 Rd7 36. Qc6 Rd6 37. Qb7 1/2-1/2

[Event "PRO League Group Stage"]
[Site "chess.com INT"]
[Date "2019.01.17"]
[Round "2"]
[White "Sadhwani, Raunak"]
[Black "Baghdasaryan, Vahe"]
[Result "1-0"]
[WhiteTitle "IM"]
[BlackTitle "GM"]
[WhiteElo "2451"]
[BlackElo "2354"]
[WhiteTeam "Mumbai Movers"]
[BlackTeam "Armenia Eagles"]
[WhiteFideId "35093487"]
[BlackFideId "13303139"]
[EventDate "2019.01.08"]

1. e4 c5 2. Na3 Nf6 3. e5 Nd5 4. Nf3 e6 5. Nc4 b5 6. Ne3 Nc7 7. b3 Bb7 8. Bb2
Nc6 9. Be2 Be7 10. O-O O-O 11. a4 a6 12. d4 cxd4 13. Nxd4 Nxe5 14. Nxe6 fxe6 15.
Bxe5 d6 16. Bg3 e5 17. Qd2 Qe8 18. Rfd1 Qc6 19. Bf1 Rad8 20. c4 bxa4 21. Rxa4
Bg5 22. Qe1 Bxe3 23. Qxe3 Ne6 24. Raa1 Nd4 25. Rxd4 exd4 26. Qxd4 Qc5 27. Qd2
Qb6 28. b4 Qc6 29. Ra5 Qe4 30. f3 Qb1 31. Qc3 d5 32. Ra1 Qg6 33. c5 d4 34. Qd3
Qxd3 35. Bxd3 Rf6 36. Be5 Re6 37. f4 g5 38. g3 gxf4 39. gxf4 Kf7 40. Kf2 Ke7 41.
Rg1 Rxe5 42. fxe5 Ke6 43. Rg7 Bd5 44. Rxh7 Kxe5 45. Rh5+ Ke6 46. Bxa6 Rg8 47.
Bf1 Rf8+ 48. Ke1 Ra8 49. Bh3+ Kf6 50. Rxd5 Ra1+ 51. Kd2 Ra2+ 52. Kd3 Ra3+ 53.
Kxd4 Rxh3 54. c6 1-0

[Event "PRO League Group Stage"]
[Site "chess.com INT"]
[Date "2019.01.17"]
[Round "2"]
[White "Aakanksha, Hagawane"]
[Black "Sargsyan, Anna M."]
[Result "0-1"]
[WhiteTitle "WIM"]
[BlackTitle "WFM"]
[WhiteElo "2259"]
[BlackElo "2339"]
[WhiteTeam "Mumbai Movers"]
[BlackTeam "Armenia Eagles"]
[WhiteFideId "25014510"]
[BlackFideId "13308130"]
[EventDate "2019.01.08"]

1. e4 c6 2. Nc3 d5 3. Nf3 Bg4 4. Be2 Bxf3 5. Bxf3 d4 6. Ne2 e5 7. O-O Bd6 8. d3
Ne7 9. c3 dxc3 10. bxc3 O-O 11. d4 Nd7 12. Rb1 b6 13. g3 Qc7 14. Bg2 Rad8 15.
Be3 c5 16. Qb3 Kh8 17. Kh1 f5 18. dxe5 Nxe5 19. Nf4 Qc8 20. Rbd1 Ng4 21. Nd5
Nxd5 22. Rxd5 f4 23. gxf4 Bxf4 24. Bxf4 Rxf4 25. f3 Ne3 26. Rxd8+ Qxd8 27. Rg1
Nxg2 28. Kxg2 Qd2+ 29. Kh1 Rh4 30. Rg2 Qe1+ 31. Rg1 Qf2 32. Rg2 Qf1+ 33. Rg1
Qxf3+ 34. Rg2 Rg4 0-1

[Event "PRO League Group Stage"]
[Site "chess.com INT"]
[Date "2019.01.17"]
[Round "2"]
[White "Hansen, Torbjorn Ringdal"]
[Black "Klein, David"]
[Result "0-1"]
[WhiteTitle "GM"]
[BlackTitle "GM"]
[WhiteElo "2419"]
[BlackElo "2492"]
[WhiteTeam "Norway Gnomes"]
[BlackTeam "Amsterdam Mosquitoes"]
[WhiteFideId "1501720"]
[BlackFideId "1003623"]
[EventDate "2019.01.08"]

1. e4 e5 2. Nf3 Nc6 3. Bb5 Nf6 4. O-O Nxe4 5. Re1 Nd6 6. Nxe5 Be7 7. Bf1 Nxe5 8.
Rxe5 O-O 9. d4 Bf6 10. Re1 Re8 11. Rxe8+ Nxe8 12. d5 c6 13. Nc3 Nc7 14. d6 Ne6
15. Ne4 b6 16. Nxf6+ Qxf6 17. c3 Bb7 18. Be3 c5 19. a4 Nf4 20. Qg4 Ne6 21. a5
Qe5 22. Qg3 Qe4 23. Rd1 Qc2 24. Rd2 Qb1 25. Qg4 bxa5 26. Qd1 Qe4 27. Qc2 Qg4 28.
h3 Qh5 29. Qa4 Bc6 30. Qxa5 Qg6 31. b4 f5 32. b5 Be4 33. f3 Bxf3 34. b6 axb6 35.
Qxb6 Be4 36. Kh2 f4 37. Bxc5 Qg3+ 38. Kg1 Ng5 39. Qb3+ Kh8 40. Kh1 Qxh3+ 41. Kg1
Qg3 42. Kh1 f3 43. Qd1 Qg4 44. Qe1 fxg2+ 45. Bxg2 Bxg2+ 46. Rxg2 Qh3+ 47. Rh2
Qxh2+ 0-1

[Event "PRO League Group Stage"]
[Site "chess.com INT"]
[Date "2019.01.17"]
[Round "2"]
[White "Holm, Kristian Stuvik"]
[Black "Admiraal, Miguoel"]
[Result "1/2-1/2"]
[WhiteTitle "IM"]
[BlackTitle "IM"]
[WhiteElo "2468"]
[BlackElo "2478"]
[WhiteTeam "Norway Gnomes"]
[BlackTeam "Amsterdam Mosquitoes"]
[WhiteFideId "1508083"]
[BlackFideId "1019716"]
[EventDate "2019.01.08"]

1. d4 d5 2. c4 c6 3. cxd5 cxd5 4. Nc3 Nc6 5. e4 dxe4 6. d5 Ne5 7. Qa4+ Bd7 8.
Qxe4 Ng6 9. Nf3 Nf6 10. Qd4 a6 11. Bc4 e5 12. dxe6 Bxe6 13. Bxe6 fxe6 14. Qc4
Qc8 15. Qb3 Bc5 16. O-O O-O 17. Bd2 Kh8 18. Rac1 Qd7 19. Na4 Ba7 20. Nb6 Bxb6
21. Qxb6 Nd5 22. Qd4 Ngf4 23. Rfe1 Qf7 24. Ne5 Qf5 25. Bxf4 Nxf4 26. Qe4 Qg5 27.
Kh1 Nd5 28. Nf3 Qh5 29. Qe5 Qxe5 30. Rxe5 Nf4 31. Re3 h6 32. g3 Nd5 33. Rb3 b5
34. Kg2 Rac8 35. Re1 Rf6 36. Ra3 Rc2 37. Rxa6 Rxb2 38. Raxe6 Rxe6 39. Rxe6 Rxa2
40. Re5 Nc3 41. Re8+ Kh7 42. Rb8 Nd1 43. Nd4 Nxf2 44. Rxb5 Ng4+ 45. Kh3 Nxh2 46.
Rb7 Kg6 47. Ne6 Nf3 48. Kg4 Ne5+ 49. Kf4 Nf7 50. Nf8+ Kf6 51. Nh7+ Kg6 52. Nf8+
Kf6 53. Nh7+ Kg6 54. Nf8+ Kf6 55. Nh7+ Ke6 56. Nf8+ Kd6 57. Ke3 Ra3+ 58. Kf2 Ng5
59. Kg2 Ne4 60. Rxg7 Rxg3+ 61. Rxg3 Nxg3 62. Kxg3 h5 63. Kh4 Kc5 64. Kxh5 1/2-1/2

[Event "PRO League Group Stage"]
[Site "chess.com INT"]
[Date "2019.01.17"]
[Round "2"]
[White "Vrolijk, Liam"]
[Black "Salomon, Johan"]
[Result "1-0"]
[WhiteTitle "IM"]
[BlackTitle "GM"]
[WhiteElo "2433"]
[BlackElo "2494"]
[WhiteTeam "Amsterdam Mosquitoes"]
[BlackTeam "Norway Gnomes"]
[WhiteFideId "1048333"]
[BlackFideId "1509500"]
[EventDate "2019.01.08"]

1. d4 Nf6 2. c4 e6 3. Nf3 d5 4. Nc3 a6 5. cxd5 exd5 6. Bg5 Be6 7. Qb3 Ra7 8. e3
Nbd7 9. Qc2 Bd6 10. Bd3 h6 11. Bf4 Qe7 12. O-O O-O 13. h3 Re8 14. Rab1 Raa8 15.
Rfc1 c6 16. Ne2 Ne4 17. Bxd6 Qxd6 18. b4 Bf5 19. a4 Qf6 20. Nh2 Bg6 21. Nf4 Bf5
22. b5 axb5 23. axb5 Rac8 24. bxc6 bxc6 25. Rb7 Nf8 26. Rb6 Bd7 27. Ba6 Ra8 28.
Nf3 Qd8 29. Rcb1 f6 30. Bb7 Ra1 31. Bxc6 Qxb6 32. Bxd5+ Be6 33. Rxa1 Bxd5 34.
Nxd5 Qd6 35. Nf4 Qe7 36. Nd2 Nd6 37. Qb3+ Kh7 38. Qd3+ Kg8 39. Nc4 Ne4 40. f3
Ng5 41. Re1 Qb4 42. Nd2 Qa5 43. Re2 Rc8 44. h4 Nf7 45. Ne4 Rc1+ 46. Kh2 Qa1 47.
Ng3 g5 48. hxg5 hxg5 49. Nfh5 Rc6 50. Rc2 Rb6 51. Qf5 Qa6 52. Ne4 Kh8 53. Rc8 1-0

[Event "PRO League Group Stage"]
[Site "chess.com INT"]
[Date "2019.01.17"]
[Round "2"]
[White "Lopez, Jasel"]
[Black "Tari, Aryan"]
[Result "0-1"]
[WhiteTitle "FM"]
[BlackTitle "GM"]
[WhiteElo "2388"]
[BlackElo "2625"]
[WhiteTeam "Amsterdam Mosquitoes"]
[BlackTeam "Norway Gnomes"]
[WhiteFideId "15900045"]
[BlackFideId "1510045"]
[EventDate "2019.01.08"]

1. Nf3 g6 2. c4 Bg7 3. Nc3 c5 4. g3 Nc6 5. Bg2 d6 6. O-O e6 7. b3 Nge7 8. Bb2
O-O 9. e3 a6 10. d4 Rb8 11. dxc5 dxc5 12. Na4 Bxb2 13. Nxb2 Qa5 14. Qe1 Qc7 15.
Qc3 e5 16. Rad1 f6 17. Nd2 Bg4 18. Bf3 Bxf3 19. Nxf3 e4 20. Nd2 f5 21. f3 exf3
22. Nxf3 Rbd8 23. Nd3 b6 24. Nf4 Rd6 25. Ng5 Rxd1 26. Rxd1 Qe5 27. Qxe5 Nxe5 28.
Rd6 Rb8 29. Nd5 Nxd5 30. cxd5 h6 31. Ne6 Kf7 32. Nc7 a5 33. Re6 Nf3+ 34. Kg2 Ng5
35. Rc6 Ne4 36. Nb5 Rd8 37. d6 Ke6 38. Rxb6 a4 39. bxa4 c4 40. Rc6 Kd5 41. Rc7
Nxd6 42. Nc3+ Ke6 43. a5 Ra8 44. Rc5 g5 45. Kf3 Nf7 46. Ke2 Ne5 47. Nb5 Kf6 48.
Nd4 c3 49. Kd1 Ng4 50. Kc2 Nxe3+ 51. Kxc3 f4 52. gxf4 gxf4 53. Kd3 Kg6 54. Ke4
Rf8 55. Rc6+ Kh5 56. Kf3 Ng4 57. h3 Ne5+ 0-1

[Event "PRO League Group Stage"]
[Site "chess.com INT"]
[Date "2019.01.17"]
[Round "2"]
[White "Velten, Paul"]
[Black "Asis Gargatagli, Hipolito"]
[Result "0-1"]
[WhiteTitle "GM"]
[BlackTitle "IM"]
[WhiteElo "2496"]
[BlackElo "2529"]
[WhiteTeam "Cannes Blitzstreams"]
[BlackTeam "Barcelona Raptors"]
[WhiteFideId "681091"]
[BlackFideId "2260735"]
[EventDate "2019.01.08"]

1. d4 Nf6 2. Nf3 g6 3. Bg5 Bg7 4. Nbd2 O-O 5. e4 d5 6. exd5 Nxd5 7. c3 h6 8. Bh4
c6 9. Bg3 Nd7 10. Bc4 N7b6 11. Bb3 a5 12. a3 Bf5 13. O-O Rc8 14. Re1 c5 15. dxc5
Rxc5 16. Nd4 e6 17. Qf3 a4 18. Ba2 Bxd4 19. cxd4 Rc2 20. Ne4 Rxb2 21. Nd6 Qg5
22. h3 Qd2 23. Rad1 Qc3 24. Bxd5 Nxd5 25. Nxf5 Qxf3 26. Nxh6+ Kh7 27. gxf3 Kxh6
28. Rb1 Rxb1 29. Rxb1 b6 30. Rc1 Ra8 31. Kf1 Kg5 32. Ke2 Ra5 33. h4+ Kf5 34. Bd6
Rb5 35. Kf1 Rb3 36. Rc4 b5 37. Rc8 Rxf3 38. Ke2 Rb3 39. Rf8 f6 40. Bc5 Nc3+ 41.
Kf1 Ne4 42. Bb4 Rf3 43. Rb8 Rxf2+ 44. Kg1 Re2 45. Rxb5+ Kg4 46. Rb6 Ng3 47. Bd6
e5 48. Bxe5 fxe5 0-1

[Event "PRO League Group Stage"]
[Site "chess.com INT"]
[Date "2019.01.17"]
[Round "2"]
[White "Munoz, Miguel"]
[Black "Mekhitarian, Krikor Sevag"]
[Result "1-0"]
[WhiteTitle "GM"]
[BlackTitle "GM"]
[WhiteElo "2475"]
[BlackElo "2536"]
[WhiteTeam "Barcelona Raptors"]
[BlackTeam "Cannes Blitzstreams"]
[WhiteFideId "3800229"]
[BlackFideId "2107660"]
[EventDate "2019.01.08"]

1. e4 c5 2. g3 d5 3. exd5 Qxd5 4. Nf3 Bg4 5. Be2 Nc6 6. h3 Bf5 7. d3 e5 8. Nc3
Qd7 9. g4 Bg6 10. Nh4 Be7 11. g5 Nd4 12. Bg4 f5 13. gxf6 Qc6 14. Rg1 Nxf6 15.
Bf3 e4 16. dxe4 Rd8 17. Bd2 Nxf3+ 18. Qxf3 Bxe4 19. Qe2 Bxc2 20. Nf3 g6 21. Bh6
Bd3 22. Qe3 Bf5 23. Ne5 Qa6 24. Rd1 Rxd1+ 25. Kxd1 Qd6+ 26. Kc1 Qd4 27. Qe2 a6
28. Re1 Ne4 29. Nf3 Qxf2 30. Nxe4 Qxe2 31. Rxe2 Kd7 32. h4 Rc8 33. Bg5 Bxg5+ 34.
hxg5 Kc6 35. Ne5+ Kb5 36. Nd6+ 1-0

[Event "PRO League Group Stage"]
[Site "chess.com INT"]
[Date "2019.01.17"]
[Round "2"]
[White "Alvarado Diaz, Alejandro"]
[Black "Lagarde, Maxime"]
[Result "1-0"]
[WhiteTitle "IM"]
[BlackTitle "GM"]
[WhiteElo "2388"]
[BlackElo "2604"]
[WhiteTeam "Barcelona Raptors"]
[BlackTeam "Cannes Blitzstreams"]
[WhiteFideId "2276119"]
[BlackFideId "662399"]
[EventDate "2019.01.08"]

1. e4 Nc6 2. Nf3 d6 3. d4 Nf6 4. Bd3 g6 5. c3 Bg7 6. O-O O-O 7. h3 e5 8. Re1 Nh5
9. Be3 Nf4 10. Bf1 f5 11. exf5 Bxf5 12. Bxf4 exf4 13. Qb3+ Kh8 14. Qxb7 Bd7 15.
Qb3 Rb8 16. Qc2 g5 17. Nh2 Bf5 18. Qd2 Ne7 19. Na3 Ng6 20. Nc4 Qd7 21. Be2 Nh4
22. d5 Rbe8 23. Bg4 Bxg4 24. hxg4 Qb5 25. b3 Qc5 26. Nf3 h6 27. Kf1 Ng6 28. Rxe8
Rxe8 29. Re1 Rxe1+ 30. Kxe1 Ne7 31. Qe2 Bxc3+ 32. Kf1 Bf6 33. Qe6 Kg7 34. Qd7
Qxd5 35. Qxc7 Qd1+ 36. Ne1 d5 37. Nd6 Qxg4 38. Qxa7 Qe6 39. Ne8+ Kf7 40. Nxf6
Kxf6 41. Qd4+ Kf7 42. Nf3 Nc6 43. Qc3 Qf6 44. Qxc6 Qa1+ 45. Ne1 Qxa2 46. Qxd5+
Kg7 47. Qd4+ Kg6 48. Qd3+ Kh5 49. b4 Qa4 50. b5 Qb4 51. Qe2+ Kg6 52. Kg1 Kf6 53.
Nf3 Qc5 54. Qb2+ Kg6 55. b6 Qd6 56. b7 Qb8 57. Ne5+ Kf5 58. Nc6 Qd6 59. Qe5+ 1-0

[Event "PRO League Group Stage"]
[Site "chess.com INT"]
[Date "2019.01.17"]
[Round "2"]
[White "Cornette, Deimante"]
[Black "Forcen Esteban, Daniel"]
[Result "0-1"]
[WhiteTitle "IM"]
[BlackTitle "GM"]
[WhiteElo "2448"]
[BlackElo "2567"]
[WhiteTeam "Cannes Blitzstreams"]
[BlackTeam "Barcelona Raptors"]
[WhiteFideId "12802859"]
[BlackFideId "2288230"]
[EventDate "2019.01.08"]

1. e4 e6 2. d4 d5 3. Nd2 c5 4. exd5 Qxd5 5. Ngf3 cxd4 6. Bc4 Qd8 7. O-O a6 8. a4
Nc6 9. Nb3 Nf6 10. Nbxd4 Nxd4 11. Nxd4 Qc7 12. b3 Bd6 13. h3 O-O 14. Bb2 b6 15.
Re1 Bb7 16. Qe2 Rfe8 17. Rad1 Bb4 18. Rf1 Qf4 19. Bc1 Qh4 20. Nf3 Qh5 21. Ne5
Qh4 22. Nf3 Qe4 23. Bb2 Qxe2 24. Bxe2 Rac8 25. Bd3 Nd5 26. Bc4 Nf4 27. Kh2 f6
28. Rd7 Bc6 29. Rd4 b5 30. axb5 axb5 31. Bxe6+ Nxe6 32. Rxb4 Bxf3 33. gxf3 Rxc2
34. Ba1 Rb8 35. Kg3 Kf7 36. Rd1 Rb7 37. f4 Ra2 38. f5 Nc5 39. Bd4 Rd7 40. Kf3
Ra3 41. Bxc5 Rxd1 42. Rxb5 Ra8 43. Rb7+ Kg8 44. b4 Rd5 45. Kg4 Re8 46. f3 h6 47.
h4 Rc8 48. h5 Re8 49. Rc7 Ree5 50. Rc8+ Kh7 51. f4 Re1 52. Rc7 Rc1 53. Ra7 Rd3
54. Bf8 Rg1+ 55. Kh4 Rd5 56. Rb7 Rxf5 57. Bc5 Rxf4+ 58. Kh3 Rg5 59. Bf8 Rfg4 60.
b5 f5 0-1

[Event "PRO League Group Stage"]
[Site "chess.com INT"]
[Date "2019.01.17"]
[Round "2"]
[White "Unuk, Laura"]
[Black "Braun, Arik"]
[Result "0-1"]
[WhiteTitle "WIM"]
[BlackTitle "GM"]
[WhiteElo "2234"]
[BlackElo "2598"]
[WhiteTeam "Ljubljana Turtles"]
[BlackTeam "Berlin Bears"]
[WhiteFideId "14609215"]
[BlackFideId "4663527"]
[EventDate "2019.01.08"]

1. d4 Nf6 2. c4 e6 3. Nf3 b6 4. g3 Bb7 5. Bg2 g6 6. O-O Bg7 7. Nc3 Ne4 8. Bd2
O-O 9. Rc1 c5 10. d5 exd5 11. cxd5 Nxd2 12. Qxd2 d6 13. b4 cxb4 14. Nb5 a6 15.
Nbd4 Bxd5 16. Qxb4 Ra7 17. a4 Re8 18. Rfd1 Be4 19. e3 d5 20. Bh3 Bf8 21. Qb2 Qf6
22. Nd2 Bc5 23. Nxe4 dxe4 24. Qb3 Nd7 25. Nb5 axb5 26. Qxb5 Re5 27. Rxd7 Bxe3
28. Rc8+ Kg7 29. Qe2 Rxd7 30. Bxd7 Bc5 31. Re8 e3 32. Rxe5 Qxe5 33. fxe3 Bxe3+
34. Kf1 Qe4 35. Bc6 Qxc6 36. Qxe3 Qh1+ 37. Qg1 Qxg1+ 38. Kxg1 f5 39. Kf2 Kf6 40.
Ke3 Ke5 41. Kd3 g5 42. Kc4 Ke4 43. Kb5 f4 44. gxf4 gxf4 45. Kxb6 f3 46. a5 f2
47. a6 f1=Q 48. a7 Qf8 49. Kb7 Qe7+ 50. Kb8 Qd8+ 51. Kb7 Qd7+ 52. Kb8 Qb5+ 53.
Kc8 Qa6+ 54. Kb8 Qb6+ 55. Ka8 Qc7 0-1

[Event "PRO League Group Stage"]
[Site "chess.com INT"]
[Date "2019.01.17"]
[Round "2"]
[White "Markoja, Boris"]
[Black "Bezold, Michael"]
[Result "1-0"]
[WhiteTitle "IM"]
[BlackTitle "GM"]
[WhiteElo "2442"]
[BlackElo "2487"]
[WhiteTeam "Ljubljana Turtles"]
[BlackTeam "Berlin Bears"]
[WhiteFideId "14608502"]
[BlackFideId "4601718"]
[EventDate "2019.01.08"]

1. d4 d6 2. Nf3 Bg4 3. g3 Bxf3 4. exf3 c6 5. c4 d5 6. Nc3 e6 7. Be3 a6 8. c5 Nd7
9. f4 Ne7 10. Bd3 g6 11. O-O Bg7 12. Qd2 O-O 13. b4 b6 14. cxb6 Qxb6 15. Na4 Qa7
16. Nc5 a5 17. Nxd7 Qxd7 18. bxa5 Qa7 19. a6 Bxd4 20. Rab1 Bxe3 21. Qxe3 Qxe3
22. fxe3 c5 23. Rb7 Nc6 24. Bb5 Nb4 25. a7 Nxa2 26. Rc7 Nb4 27. Ra1 f5 28. Rxc5
d4 29. Rc4 Nd5 30. Bc6 dxe3 31. Bxa8 Rxa8 32. Rc2 Kf7 33. Rb2 Ke7 34. Rb8 Nc7
35. Rxa8 Nxa8 36. Rb1 1-0

[Event "PRO League Group Stage"]
[Site "chess.com INT"]
[Date "2019.01.17"]
[Round "2"]
[White "Baldauf, Marco"]
[Black "Pavasovic, Dusko"]
[Result "0-1"]
[WhiteTitle "IM"]
[BlackTitle "GM"]
[WhiteElo "2485"]
[BlackElo "2546"]
[WhiteTeam "Berlin Bears"]
[BlackTeam "Ljubljana Turtles"]
[WhiteFideId "4688210"]
[BlackFideId "14600986"]
[EventDate "2019.01.08"]

1. d4 f5 2. c4 Nf6 3. Nc3 d6 4. Nf3 g6 5. Bf4 Bg7 6. e3 e6 7. c5 O-O 8. Bc4 d5
9. Bd3 b6 10. b4 a5 11. a3 bxc5 12. bxc5 Ba6 13. Bxa6 Nxa6 14. O-O Ne4 15. Na4
Nb8 16. Be5 Nc6 17. Bxg7 Kxg7 18. Nb2 g5 19. Nd3 g4 20. Nfe5 Nxe5 21. Nxe5 Qh4
22. f3 g3 23. h3 Nf2 24. Qd2 Rg8 25. Nd3 Kh8 26. Nf4 Qe7 27. Qc3 Rge8 28. Rab1
c6 29. Rb6 Rac8 30. Nd3 Nxd3 31. Qxd3 e5 32. Qxf5 exd4 33. exd4 Qe3+ 34. Kh1
Qxd4 35. Rb7 Qh4 36. Rd7 Qh6 37. Rd6 Qg7 38. Rd7 Qg6 39. Qf4 Rcd8 40. Rd6 Rxd6
41. cxd6 Rd8 42. Re1 Qxd6 43. Qd4+ Kg8 44. Re5 Qg6 45. Qd2 Re8 46. Rg5 Re1+ 47.
Qxe1 Qxg5 48. Qe8+ Kg7 49. Qd7+ Kh6 50. Qxc6+ Kh5 51. Qc2 Qg6 52. Qxg6+ hxg6 53.
Kg1 Kg5 54. Kf1 Kf4 55. Ke2 g5 56. Kd3 Ke5 57. a4 Ke6 58. Ke3 Ke5 59. Kd3 Kd6
60. Kd4 Kc6 61. Ke3 Kc5 62. Kd3 d4 63. f4 gxf4 64. h4 f3 0-1

[Event "PRO League Group Stage"]
[Site "chess.com INT"]
[Date "2019.01.17"]
[Round "2"]
[White "Berger, Steve"]
[Black "Borisek, Jure"]
[Result "0-1"]
[WhiteTitle "IM"]
[BlackTitle "GM"]
[WhiteElo "2435"]
[BlackElo "2584"]
[WhiteTeam "Berlin Bears"]
[BlackTeam "Ljubljana Turtles"]
[WhiteFideId "4644786"]
[BlackFideId "14603152"]
[EventDate "2019.01.08"]

1. e4 e5 2. Nf3 Nc6 3. Bc4 Bc5 4. O-O Nf6 5. d3 d6 6. c3 a6 7. a4 h6 8. Re1 O-O
9. h3 Re8 10. Nbd2 Be6 11. Bxe6 Rxe6 12. Nc4 d5 13. exd5 Qxd5 14. b4 Bf8 15. Ne3
Qd7 16. Rb1 b5 17. Qc2 Rd8 18. Rd1 Rd6 19. axb5 axb5 20. Ne1 Nh5 21. Nf1 f5 22.
Qe2 Nf6 23. Be3 Re6 24. Qa2 Nd5 25. Bd2 Kh7 26. Ne3 Nde7 27. Qc2 g6 28. g3 Bg7
29. N3g2 Rd6 30. Be3 f4 31. gxf4 Qxh3 32. Qe2 Nf5 33. Bc5 Rd5 34. fxe5 Bxe5 35.
f4 Bxc3 36. Nf3 Bg7 37. Qe6 Rxc5 38. bxc5 Ncd4 0-1

[Event "PRO League Group Stage"]
[Site "chess.com INT"]
[Date "2019.01.17"]
[Round "2"]
[White "Agrest, Inna"]
[Black "Vachier-Lagrave, Maxime"]
[Result "0-1"]
[WhiteTitle "WIM"]
[BlackTitle "GM"]
[WhiteElo "2275"]
[BlackElo "2780"]
[WhiteTeam "Baden-Baden Snowballs"]
[BlackTeam "Marseille Migraines"]
[WhiteFideId "1708830"]
[BlackFideId "623539"]
[EventDate "2019.01.08"]

1. e4 c6 2. d4 d5 3. Nc3 dxe4 4. Nxe4 Nf6 5. Nxf6+ exf6 6. Qd3 Bd6 7. Be3 Qa5+
8. Bd2 Qc7 9. Nf3 O-O 10. O-O-O Be6 11. Kb1 Nd7 12. Qe4 Rfe8 13. Qh4 Nf8 14. Bd3
Ng6 15. Qh5 c5 16. d5 Bd7 17. g4 b5 18. Rhg1 c4 19. Bf5 b4 20. c3 Rab8 21. Nd4
Be5 22. Bxd7 Qxd7 23. Nc6 bxc3 24. Nxb8 Rxb8 25. Bc1 Rxb2+ 26. Bxb2 Qb5 0-1

[Event "PRO League Group Stage"]
[Site "chess.com INT"]
[Date "2019.01.17"]
[Round "2"]
[White "Kollars, Dmitrij"]
[Black "Bacrot, Etienne"]
[Result "1/2-1/2"]
[WhiteTitle "GM"]
[BlackTitle "GM"]
[WhiteElo "2562"]
[BlackElo "2684"]
[WhiteTeam "Baden-Baden Snowballs"]
[BlackTeam "Marseille Migraines"]
[WhiteFideId "12909572"]
[BlackFideId "605506"]
[EventDate "2019.01.08"]

1. e4 g6 2. d4 d6 3. Nc3 a6 4. f4 b5 5. Nf3 Bb7 6. Bd3 Nd7 7. e5 Bg7 8. O-O Nh6
9. Ne4 O-O 10. c3 c5 11. dxc5 Nxc5 12. Nxc5 dxc5 13. Qe2 Qb6 14. Kh1 Nf5 15. a4
c4 16. Bxf5 gxf5 17. Be3 Qg6 18. Nd4 Be4 19. Qf2 Rfb8 20. axb5 axb5 21. Rxa8
Bxa8 22. Nf3 Be4 23. Bc5 Bf8 24. Rd1 h6 25. Qg3 Qxg3 26. hxg3 e6 27. Bd6 Rd8 28.
Rd2 Bxf3 29. gxf3 f6 30. Kg1 Kf7 31. Kf2 Bxd6 32. exd6 Ke8 33. g4 fxg4 34. fxg4
Kd7 35. Kf3 Kc6 36. Rh2 Rh8 37. Rh5 Rh7 38. Ke4 Rg7 39. Rxh6 Rxg4 40. Rxf6 Kxd6
41. Kf3 Rg1 42. f5 Rf1+ 43. Ke4 Rxf5 44. Rxf5 exf5+ 45. Kxf5 Kd5 46. Kf4 1/2-1/2

[Event "PRO League Group Stage"]
[Site "chess.com INT"]
[Date "2019.01.17"]
[Round "2"]
[White "Delorme, Alban"]
[Black "Alekseenko, Kirill"]
[Result "1-0"]
[WhiteTitle "FM"]
[BlackTitle "GM"]
[WhiteElo "2320"]
[BlackElo "2637"]
[WhiteTeam "Marseille Migraines"]
[BlackTeam "Baden-Baden Snowballs"]
[WhiteFideId "623636"]
[BlackFideId "4135539"]
[EventDate "2019.01.08"]

1. d4 d5 2. Nf3 Nf6 3. g3 g6 4. Bg2 Bg7 5. O-O O-O 6. c4 dxc4 7. Na3 c3 8. bxc3
c5 9. Ne5 Nd5 10. Qb3 e6 11. Nac4 Nc6 12. Ba3 Nxe5 13. Nxe5 cxd4 14. Bxf8 Bxe5
15. cxd4 Bxd4 16. Rad1 Bxf2+ 17. Rxf2 Qxf8 18. e4 Nb6 19. Rdf1 Bd7 20. Rxf7 Qxf7
21. Rxf7 Kxf7 22. e5 Rc8 23. Bxb7 Rc1+ 24. Kg2 Nc4 25. Qf3+ Ke8 26. Qf6 Ne3+ 27.
Kh3 Rf1 28. Qh8+ Rf8 29. Qxh7 g5 30. Qg6+ Rf7 31. Qg8+ Rf8 32. Qg6+ Rf7 33. g4
Bb5 34. Qg8+ Ke7 35. Qxg5+ Kf8 36. Qxe3 Rxb7 37. Qh6+ Rg7 38. Qxe6 Bd7 39. Qf6+
Rf7 40. Qd6+ Re7 41. Kg3 Be6 42. a3 Kf7 43. Qd8 Bd7 44. Qh8 Re6 45. Kf4 Rg6 46.
g5 Ra6 47. Qh7+ Ke8 48. Qg8+ Ke7 49. Qg7+ Ke8 50. g6 Ra4+ 51. Kg5 Rg4+ 52. Kh5
Rg2 53. h4 Be6 54. Qxa7 Rg3 55. Qb8+ Ke7 56. Qd6+ 1-0